Hidden figures / Fox 2000 Pictures presents a ... Read More
Available copies
- 7 of 7 copies available at LARL/NWRL Consortium.
- 2 of 2 copies available at Lake Agassiz Regional Library. (Show preferred library)
Current holds
0 current holds with 7 total copies.
Show Only Available Copies
| Location | Call Number / Copy Notes | Barcode | Shelving Location | Status | Due Date |
|---|---|---|---|---|---|
| Detroit Lakes Public Library | DVD HID (Text) | 33500012465514 | Main | Available | - |
| Twin Valley LINK Site | DVD HID (Text) | 33500013671441 | Main | Available | - |
| Godel Memorial-Warren Library | DVD HID (Text) | 35500005582125 | Main | Available | - |
| Greenbush Public Library | DVD HID (Text) | 35500005552078 | Main | Available | - |
| Hallock Public Library | DVD HID (Text) | 35500005552060 | Main | Available | - |
| Karlstad LINK Site | DVD HID (Text) | 35500005552086 | Main | Available | - |
| Warroad Public Library | DVD HID (Text) | 35500005552052 | Main | Available | - |
Record details
- Physical Description: 1 videodisc (approximately 127 min.) : sound, ... Read More
- Publisher: Beverly Hills, CA : Twentieth Century Fox Home Entertainment, [2017]
Content descriptions
| General Note: | Based on the book by Margot Lee Shetterly. Originally released as a motion picture in 2016. Wide screen (2.39:1). Special features: No limits - the life of Katherine Johnson; Moving the decimal - honoring Katherine ... Read More |
| Participant or Performer Note: | Taraji P. Henson, Octavia Spencer, Janelle Monae, ... Read More |
| Summary, etc.: | As the United States raced against Russia to put a ... Read More |
| Target Audience Note: | MPAA rating: PG; for thematic elements and some ... Read More |
| System Details Note: | DVD, NTSC, region 1; Dolby digital 5.1 (English), ... Read More |
| Language Note: | English, Spanish or French dialogue; Spanish or ... Read More |
Search for related items by subject
| LDR | 05655cgm a2201069Ii 4500 | ||
|---|---|---|---|
| 001 | 225602 | ||
| 003 | LARL_NWRL_CONSORTIUM | ||
| 005 | 20170411142655.0 | ||
| 008 | 170306s2017 cau127 vleng d | ||
| 007 | vd cvaizq | ||
| 040 | . | ‡aTEFMT ‡beng ‡erda ‡cTEFMT ‡dOCLCO ‡dTEF ‡dJDP ‡dTEFMT ‡dKYC ‡dGK8 ‡dIK2 ‡dHQD ‡dGK8 ‡dIHX ‡dJOW ‡dOCLCF ‡dGO4 | |
| 019 | . | ‡a975781922 ‡a975890610 | |
| 024 | 1 | 0. | ‡a024543275329 ‡d80 |
| 024 | 1 | . | ‡a024543275336 |
| 024 | 1 | . | ‡a024543275329 |
| 028 | 4 | 2. | ‡a2327532 ‡bTwentieth Century Fox Home Entertainment |
| 028 | 4 | 2. | ‡a2327533 ‡bTwentieth Century Fox Home Entertainment |
| 035 | . | ‡a(OCoLC)974652637 ‡z(OCoLC)975781922 ‡z(OCoLC)975890610 | |
| 037 | . | ‡bMidwest Tape ‡nhttp://www.midwesttapes.com | |
| 041 | 1 | . | ‡aeng ‡aspa ‡afre ‡jspa ‡jfre ‡jeng ‡heng |
| 043 | . | ‡an-us--- | |
| 046 | . | ‡as ‡k2016 ‡2edtf | |
| 082 | 0 | 4. | ‡a791.43/72 ‡223 |
| 245 | 0 | 0. | ‡aHidden figures / ‡cFox 2000 Pictures presents a Chernin Entertainment/Levantine Films production ; screenplay by Allison Schroeder and Theodore Melfi ; directed by Theodore Melfi. |
| 257 | . | ‡aUnited States ‡2naf | |
| 264 | 1. | ‡aBeverly Hills, CA : ‡bTwentieth Century Fox Home Entertainment, ‡c[2017] | |
| 300 | . | ‡a1 videodisc (approximately 127 min.) : ‡bsound, color ; ‡c4 3/4 in. | |
| 336 | . | ‡atwo-dimensional moving image ‡btdi ‡2rdacontent | |
| 337 | . | ‡avideo ‡bv ‡2rdamedia | |
| 338 | . | ‡avideodisc ‡bvd ‡2rdacarrier | |
| 340 | . | ‡b4 3/4 in. ‡2rda | |
| 344 | . | ‡adigital ‡boptical ‡gsurround ‡hDolby digital 5.1 ‡gstereo ‡hDolby digital 2.0 ‡2rda | |
| 345 | . | ‡awidescreen (16:9) ‡afullscreen (4:3) ‡2rda | |
| 346 | . | ‡bNTSC ‡2rda | |
| 347 | . | ‡avideo file ‡bDVD video ‡eregion 1 ‡2rda | |
| 380 | . | ‡aMotion picture. | |
| 538 | . | ‡aDVD, NTSC, region 1; Dolby digital 5.1 (English), Dolby digital 2.0 (Spanish, French), English descriptive audio 5.1; described video. | |
| 546 | . | ‡aEnglish, Spanish or French dialogue; Spanish or French subtitles; subtitled for the deaf and hard of hearing; described video. | |
| 511 | 1 | . | ‡aTaraji P. Henson, Octavia Spencer, Janelle Monae, Kevin Costner, Kirsten Dunst, Jim Parsons, Mahershala Ali, Aldis Hodge. |
| 500 | . | ‡aBased on the book by Margot Lee Shetterly. | |
| 500 | . | ‡aOriginally released as a motion picture in 2016. | |
| 500 | . | ‡aWide screen (2.39:1). | |
| 521 | 8 | . | ‡aMPAA rating: PG; for thematic elements and some language. |
| 520 | . | ‡aAs the United States raced against Russia to put a man in space, NASA found untapped talent in a group of African-American female mathematicians that served as the brains behind one of the greatest operations in U.S. history. Dorothy Vaughan, Mary Jackson, and Katherine Johnson crossed all gender, race, and professional lines while their brilliance and desire to dream big, beyond anything ever accomplished before by the human race, firmly cemented them in U.S. history as true American heroes. | |
| 500 | . | ‡aSpecial features: No limits - the life of Katherine Johnson; Moving the decimal - honoring Katherine Johnson; filming in Georgia; gallery; audio commentaries. | |
| 610 | 1 | 0. | ‡aUnited States. ‡bNational Aeronautics and Space Administration ‡xOfficials and employees ‡vDrama. |
| 600 | 1 | 0. | ‡aJohnson, Katherine, ‡d1918- ‡vDrama. |
| 650 | 0. | ‡aWomen mathematicians ‡zUnited States ‡vDrama. | |
| 650 | 0. | ‡aAfrican American women ‡vDrama. ‡0(LARL_NWRL_CONSORTIUM)170470 | |
| 650 | 0. | ‡aAfrican American mathematicians ‡vDrama. | |
| 650 | 0. | ‡aSpace race ‡vDrama. | |
| 650 | 4. | ‡aDrama. ‡0(LARL_NWRL_CONSORTIUM)176582 | |
| 610 | 1 | 7. | ‡aUnited States. ‡bNational Aeronautics and Space Administration. ‡2fast ‡0(LARL_NWRL_CONSORTIUM)54330 |
| 650 | 7. | ‡aAfrican American mathematicians. ‡2fast | |
| 650 | 7. | ‡aAfrican American women. ‡2fast ‡0(LARL_NWRL_CONSORTIUM)13020 | |
| 650 | 7. | ‡aEmployees. ‡2fast ‡0(LARL_NWRL_CONSORTIUM)178114 | |
| 650 | 7. | ‡aSpace race. ‡2fast ‡0(LARL_NWRL_CONSORTIUM)40235 | |
| 650 | 7. | ‡2fast ‡aWomen mathematicians ‡0(LARL_NWRL_CONSORTIUM)34729 | |
| 651 | 7. | ‡aUnited States. ‡2fast ‡0(LARL_NWRL_CONSORTIUM)178480 | |
| 655 | 7. | ‡aFiction films. ‡2lcgft ‡0(LARL_NWRL_CONSORTIUM)175626 | |
| 655 | 7. | ‡aBiographical films. ‡2lcgft ‡0(LARL_NWRL_CONSORTIUM)175643 | |
| 655 | 7. | ‡aHistorical films. ‡2lcgft ‡0(LARL_NWRL_CONSORTIUM)175673 | |
| 655 | 7. | ‡aFeature films. ‡2lcgft ‡0(LARL_NWRL_CONSORTIUM)175625 | |
| 655 | 7. | ‡aFilm adaptations. ‡2lcgft ‡0(LARL_NWRL_CONSORTIUM)175712 | |
| 655 | 7. | ‡aVideo recordings for the hearing impaired. ‡2lcgft ‡0(LARL_NWRL_CONSORTIUM)175744 | |
| 655 | 7. | ‡aVideo recordings for people with visual disabilities. ‡2lcgft ‡0(LARL_NWRL_CONSORTIUM)175745 | |
| 655 | 7. | ‡aBiographical films. ‡2fast ‡0(LARL_NWRL_CONSORTIUM)175643 | |
| 655 | 7. | ‡aDrama. ‡2fast | |
| 655 | 7. | ‡aFeature films. ‡2fast ‡0(LARL_NWRL_CONSORTIUM)175625 | |
| 655 | 7. | ‡aHistorical films. ‡2fast ‡0(LARL_NWRL_CONSORTIUM)175673 | |
| 655 | 7. | ‡aVideo recordings for people with visual disabilities. ‡2fast ‡0(LARL_NWRL_CONSORTIUM)175745 | |
| 655 | 7. | ‡aVideo recordings for the hearing impaired. ‡2fast ‡0(LARL_NWRL_CONSORTIUM)175744 | |
| 700 | 1 | . | ‡aMelfi, Theodore, ‡efilm director. |
| 700 | 1 | . | ‡aHenson, Taraji P., ‡eactor. ‡0(LARL_NWRL_CONSORTIUM)210825 |
| 700 | 1 | . | ‡aSpencer, Octavia, ‡eactor. ‡0(LARL_NWRL_CONSORTIUM)209344 |
| 700 | 1 | . | ‡aMonáe, Janelle, ‡eactor. ‡0(LARL_NWRL_CONSORTIUM)224482 |
| 700 | 1 | . | ‡aCostner, Kevin, ‡eactor. ‡0(LARL_NWRL_CONSORTIUM)7366 |
| 700 | 1 | . | ‡aDunst, Kirsten, ‡d1982- ‡eactor. ‡0(LARL_NWRL_CONSORTIUM)141005 |
| 700 | 1 | . | ‡aParsons, Jim, ‡d1973- ‡eactor. ‡0(LARL_NWRL_CONSORTIUM)217851 |
| 700 | 1 | . | ‡aAli, Mahershala, ‡d1974- ‡eactor. |
| 700 | 1 | . | ‡aHodge, Aldis, ‡eactor. |
| 700 | 1 | . | ‡aSchroeder, Allison, ‡escreenplay. |
| 700 | 1 | . | ‡iMotion picture adaptation of (work): ‡aLee Shetterly, Margot. ‡tHidden figures. |
| 710 | 2 | . | ‡aTwentieth Century Fox Home Entertainment, Inc., ‡epublisher. ‡0(LARL_NWRL_CONSORTIUM)140752 |
| 710 | 2 | . | ‡aFox 2000 Pictures. ‡0(LARL_NWRL_CONSORTIUM)146351 |
| 710 | 2 | . | ‡aChernin Entertainment. |
| 710 | 2 | . | ‡aLevantine Films. |
| 730 | 0 | 2. | ‡iContainer of (work) : ‡aHidden figures (Motion picture) |
| 730 | 0 | 2. | ‡iContainer of (expression) : ‡aHidden figures (Motion picture). ‡lFrench. |
| 730 | 0 | 2. | ‡iContainer of (expression) : ‡aHidden figures (Motion picture). ‡lSpanish. |
| 901 | . | ‡a225602 ‡bOCoLC ‡c225602 ‡tbiblio ‡soclc | |

Add to basket
Permalink
Disable Highlighting